Análisis sobre modelos de desarrollo rural en América Latina /
Guardado en:
| Autor principal: | |
|---|---|
| Formato: | Texto |
| Etiquetas: |
Agregar Etiqueta
Sin Etiquetas, Sea el primero en etiquetar este registro!
|
MARC
| LEADER | 00000 a a2200000 04500 | ||
|---|---|---|---|
| 001 | 4915 | ||
| 003 | |||
| 040 | |||
| 100 | |a Murcia, Héctor H. | ||
| 245 | |a Análisis sobre modelos de desarrollo rural en América Latina / |c Héctor H. Murcia | ||
| 500 | |a También aparece como publicación del "Seminario sobre Fomento de Formas Asociativas de producción en el Medio Rural" clasificación 14-04.02 | ||
| 773 | |g volumen 8, número 2; páginas 137-151 | ||
| 999 | |c 26679 |d 26679 | ||
